01343nam a2200325Ia 450000500170000000800390001702000180005604100080007408200180008210000340010024500580013425000220019226400540021430000260026833600270029433700330032133800280035449000360038250000520041865000460047065000430051665000410055965000460060065000410064694200120068704000350069999900150073495201350074995201330088420220317001759.0170328s2014 ck g 000 0 spa a9789587722093 aspa04a346.023bB25c1 aBenavides, José Luisd1947-10aContratos públicosbestudioscJosé Luis Benavides aPrimera edición 1aBogotábUniversidad Externado de Colombiac2014 a426 páginasc21 cm. atextobtxt2rdacontent asin mediaciónbn2rdamedia avolumenbnc2rdacarrier aTemas de derecho administrativo aIncluye datos biográficos del autor en solapa142LEMBaContratos administrativoszColombia142LEMBaDerecho administrativozColombia142LEMBaResponsabilidad administrativa142LEMBaTratado de libre comerciozColombia142LEMBaContratos públicoszColombia 2ddccBK aCO-BoRNBPbspaerdacCO-BoRNBP c8077d8077 00102ddc40708GENaMECASARIbMECASARIcGENd2024-11-10l0o346.023 - B25CpBM0001253r2024-11-10 15:32:32tEj.1w2024-11-10yBK 00102ddc40708GENaMEMAPJGAbMEMAPJGAcGENd2025-07-28l0o346.023 B25cpMPJG00465r2025-07-28 16:39:55tEj.1w2025-07-28yBK